000 00802nam a22002777a 4500
003 CHAP
005 20220329135948.0
008 971013s1978 r 00010 d
010 _a44782
011 _a45754
035 _a49893
040 _cCHAP
090 _aFolleto 4772
100 0 0 _aUnderhill, John P.
_9116133
245 _aTomato cultural and varietal investigations in the Sultanate of Omand
260 _aNew York :
_bIRI Research Institute,
_c1978
300 _a36 p.
_b: ilus.
490 _aBulletin
_v; 49
590 _aBATCH-UPD
_b10
_c20130110
_lUCH01
_h1454
590 _aCONVERSION
_b10
_c20130109
_lUCH01
_h1325
650 1 4 _aTomate.
_9113672
830 0 _aBulletin
_v; 49
_916039
901 _aBK
942 _cFOLL
949 _aFolleto 4772
_bBC
_cFOLL
_d-112391
_eTS1
_i49893
_mD
_si
999 _c44782
_d44782